5S a termelési logisztikában

Bibliográfiai részletek
Szerző: Mészáros Barbara
További közreműködők: Majoros Dr. Pál
Dokumentumtípus: Záródolgozat
Kulcsszavak:5S
Logisztika
Termelés
Online Access:http://dolgozattar.uni-bge.hu/16372

MARC

LEADER 00000nta a2200000 i 4500
001 dolg16372
005 20200403102718.0
008 180514suuuu hu o 000 hun d
040 |a BGE Dolgozattár Repozitórium  |b hun 
041 |a hu 
100 1 |a Mészáros Barbara 
245 1 0 |a 5S a termelési logisztikában  |c Mészáros Barbara  |h [elektronikus dokumentum] 
516 |a Final_paper 
695 |a 5S 
695 |a Logisztika 
695 |a Termelés 
700 1 |a Majoros Dr. Pál  |e ths 
856 4 0 |u http://dolgozattar.uni-bge.hu/16372/1/5s%20a%20termelesi%20logisztikaban0513.pdf  |z Dokumentum-elérés 
856 4 0 |u http://dolgozattar.uni-bge.hu/16372/7/M%C3%A9sz%C3%A1ros%20Barbara%20biz.pdf  |z Dokumentum-elérés